Механизм поворота грузозахватных элементов спредера на основе спироидной передачи; Современные техника и технологии; Т. 1

গ্রন্থ-পঞ্জীর বিবরন
Parent link:Современные техника и технологии: сборник трудов XVI Международной научно-практической конференции студентов, аспирантов и молодых ученых, Томск, 12-16 апреля 2010 г/ Национальный исследовательский Томский политехнический университет (ТПУ).— , 2010
Т. 1.— 2010.— [С. 339-341]
প্রধান লেখক: Корнеев Ю. В.
অন্যান্য লেখক: Анферов В. Н. (научный руководитель)
সংক্ষিপ্ত:Заглавие с титульного листа
Электронная версия печатной публикации
ভাষা:রুশ
প্রকাশিত: 2010
বিষয়গুলি:
অনলাইন ব্যবহার করুন:http://www.lib.tpu.ru/fulltext/v/Conferences/2010/K04/104172.pdf
বিন্যাস: MixedMaterials বৈদ্যুতিক গ্রন্থের অধ্যায়
KOHA link:https://koha.lib.tpu.ru/cgi-bin/koha/opac-detail.pl?biblionumber=227887

MARC

LEADER 00000nla2a2200000 4500
001 227887
005 20231031201405.0
035 |a (RuTPU)RU\TPU\book\248334 
035 |a RU\TPU\book\248324 
090 |a 227887 
100 |a 20121212d2010 k y0rusy50 ca 
101 0 |a rus 
102 |a RU 
105 |a y z 101zy 
135 |a drnn ---uucaa 
181 0 |a i  
182 0 |a b 
200 1 |a Механизм поворота грузозахватных элементов спредера на основе спироидной передачи  |b Электронный ресурс  |f Ю. В. Корнеев  |g науч. рук. В. Н. Анферов 
203 |a Текст  |c электронный 
215 |a 1 файл (234 Кб) 
230 |a Электронные текстовые данные (1 файл : 234 Кб) 
300 |a Заглавие с титульного листа 
300 |a Электронная версия печатной публикации 
337 |a Adobe Reader 
461 0 |0 (RuTPU)RU\TPU\book\245271  |t Современные техника и технологии  |o сборник трудов XVI Международной научно-практической конференции студентов, аспирантов и молодых ученых, Томск, 12-16 апреля 2010 г  |o в 3 т.  |f Национальный исследовательский Томский политехнический университет (ТПУ)  |d 2010 
463 0 |0 (RuTPU)RU\TPU\book\245275  |t Т. 1  |v [С. 339-341]  |d 2010  |p [511 с.] 
610 1 |a грузозахватные устройства 
610 1 |a повороты 
610 1 |a спредеры 
610 1 |a спироидная передача 
610 1 |a червячные передачи 
610 1 |a схемы 
610 1 |a электронный ресурс 
700 1 |a Корнеев  |b Ю. В. 
702 1 |a Анферов  |b В. Н.  |4 727 
801 1 |a RU  |b 63413507  |c 20121116 
801 2 |a RU  |b 63413507  |c 20130429  |g RCR 
856 4 |u http://www.lib.tpu.ru/fulltext/v/Conferences/2010/K04/104172.pdf 
942 |c CF